000 00513nam a2200181Ia 4500
003 GCL
008 140319s9999 xx 000 0 ara d
040 _aGCL /
_cGCL
082 0 4 _a813.01
_bا ث
100 1 _aاحمد والى
245 1 0 _aثلاث شمعات للنهر /
_cاحمد والى
300 _a79 ص
490 _a
650 0 4 _aالقصص القصيرة
650 0 4 _aالقصص العربية القصيرة
650 0 4 _aالادب العربى - العصر الحديث
942 _2ddc
_cBK
999 _c40996
_d40996